Statystyki dla Wszystkie kraje według obszaru: cztery na raz

Kliknij tutaj aby rozwiązać quiz!

Ogólne statystyki

  • Ten quiz został rozwiązany 68 razy
  • Średni wynik to 26 z 49

Odpowiedzi na mapie

Odpowiedzi skodowane kolorowo w zielono-czerwonej skali na mapie do tego quizu, zgodnie z poniższymi procentami.
Ładowanie ...
 

Statystyki odpowiedzi

#kraj% Poprawnych
1-4Rosja | Kanada | Chiny | Stany Zjednoczone
100%
5-8Brazylia | Australia | Indie | Argentyna
100%
9-12Kazachstan | Algieria |
Dem Rep Konga | Arabia Saudyjska
91%
13-16Meksyk | Indonezja | Sudan | Libia
91%
17-20Iran | Mongolia | Peru | Czad
91%
21-24Niger | Angola | Mali |
Republika Południowej Afryki
89%
25-28Kolumbia | Etiopia | Boliwia | Mauretania
84%
29-32Egipt | Tanzania | Nigeria | Wenezuela
82%
33-36Pakistan | Namibia | Mozambik | Turcja
82%
37-40Chile | Zambia | Mjanma | Afganistan
82%
41-44Francja | Republika Środkowoafrykańska |
Somalia | Sudan Południowy
82%
45-48Ukraina | Madagaskar | Botswana | Kenia
82%
49-52Jemen | Tajlandia | Hiszpania | Turkmenistan
80%
69-72Côte d'Ivoire | Polska | Oman | Włochy
78%
53-56Kamerun | Papua-Nowa Gwinea |
Szwecja | Uzbekistan
78%
61-64Japonia | Niemcy | Filipiny | Kongo
76%
65-68Finlandia | Wietnam | Malezja | Norwegia
76%
57-60Maroko | Irak | Paragwaj | Zimbabwe
73%
73-76Ekwador | Burkina Faso | Nowa Zelandia | Gabon
64%
81-84Rumunia | Laos | Gujana | Białoruś
64%
77-80Gwinea | Wielka Brytania | Uganda | Ghana
62%
85-88Kirgistan | Senegal | Syria | Kambodża
58%
89-92Urugwaj | Surinam | Tunezja | Bangladesz
53%
93-96Nepal | Tadżykistan | Grecja | Nikaragua
51%
105-108Gwatemala | Islandia | Korea Południowa | Węgry
42%
97-100Korea Północna | Malawi | Erytrea | Benin
42%
101-104Honduras | Liberia | Bułgaria | Kuba
42%
113-116Austria | Zjednoczone Emiraty Arabskie |
Czechy | Panama
40%
109-112Portugalia | Jordania | Serbia | Azerbejdżan
38%
121-124Litwa | Łotwa | Togo | Chorwacja
38%
117-120Sierra Leone | Irlandia | Gruzja | Sri Lanka
36%
125-128Bośnia i Hercegowina | Kostaryka |
Słowacja | Dominikana
36%
129-132Estonia | Dania | Holandia | Szwajcaria
33%
133-136Bhutan | Tajwan | Gwinea Bissau | Mołdawia
31%
149-152Salwador | Izrael | Słowenia | Fidżi
29%
141-144Albania | Gwinea Równikowa | Burundi | Haiti
29%
137-140Belgia | Lesotho | Armenia | Wyspy Salomona
29%
145-148Rwanda | Macedonia Północna | Dżibuti | Belize
27%
153-156Kuwejt | Eswatini | Timor-Leste | Bahamy
24%
157-160Czarnogóra | Vanuatu | Katar | Gambia
24%
161-164Jamajka | Kosowo | Liban | Cypr
24%
165-168Brunei | Trynidad i Tobago | Cabo Verde | Samoa
22%
173-176Kiribati | Bahrajn | Dominika | Tonga
20%
169-172Luksemburg | Mauritius | Komory |
Wyspy Świętego Tomasza i Książeca
18%
177-180Singapur | Mikronezja | Saint Lucia | Andora
18%
189-192Saint Kitts i Nevis | Wyspy Marshalla |
Liechtenstein | San Marino
16%
193-196Tuvalu | Nauru | Monako | Watykan
16%
181-184Palau | Seszele | Antigua i Barbuda | Barbados
13%
185-188Saint Vincent i Grenadyny | Grenada |
Malta | Malediwy
11%

Rozkład punktacji

Percentyl według liczby udzielonych odpowiedzi

Procent ludzi z każdym wynikiem

Twoja historia wyników

Nie rozwiązałeś tego quizu